| 000 | 00515nam a2200217Ia 4500 | ||
|---|---|---|---|
| 003 | OSt | ||
| 005 | 20240302061625.0 | ||
| 008 | 210324s9999||||xx |||||||||||||| ||und|| | ||
| 040 | _cSTCPL | ||
| 041 | _aENG | ||
| 082 |
_a823 _bWOD-C |
||
| 100 | _aWodehouse, P. G. | ||
| 245 | 4 |
_aThe code of the woosters / _cby P. G. Wodehouse |
|
| 260 |
_aLondon : _bHerbert Jenkins , _c1956 . |
||
| 300 |
_a286 p. _bHB |
||
| 650 | _aEnglish literature | ||
| 650 | _aFiction | ||
| 650 | _aNovel | ||
| 942 | _cBK | ||
| 942 | _2ddc | ||
| 999 |
_c5027 _d5027 |
||